000 00464nam a2200169Ia 4500
005 20240814075445.0
008 240331s9999 xx 000 0 und d
020 _a9555800618
082 _bSIR
_a400
100 _aSiriwardena, R
245 4 _aThe protean life of language :
_bfour studies
260 _aColombo
_bInternational Centre For Ethnic Studies
_c2001
300 _axiii, 156 p ., ( c 2)
650 _aPoetic Language
650 _aSexuality
942 _cL
999 _c3025
_d3025